000 00611nam a22002295a 4500
999 _c7497
_d7497
001 7497
003 BD-JhCC
005 20181006171553.0
008 980722s1997 li 000 0 eng
035 _a(BD-JhCC)7497
040 _aDLC
_cDLC
_dBD-JhCC
041 _aeng
050 0 0 _aACQUISITION IN PROCESS
082 _a301
_bMEH
100 _aMehr, Maulana Ghulam Rasul
245 0 0 _aSocial studies :
_bHistory /
_cMaulana Ghulam Rasul Mehr,
260 _aVilnius :
_bInstitute of Philosophy and Sociology,
_c1997.
300 _a260 p.
650 _asocial science
942 _2ddc
_cBK